| 000 | 00337nam a22001217a 4500 | ||
|---|---|---|---|
| 082 |
_a515.63 _bMIT _cL- 38 , P-37 |
||
| 100 |
_aDr. p.k. mittal _939348 |
||
| 245 |
_aTensor analysis for scientists _bDr. p.k. mittal |
||
| 300 |
_a325 P. _bill. _c24 cm. |
||
| 526 |
_a0 _b0 _c0 _d515_630000000000000_MIT |
||
| 650 |
_aMCE _9379 |
||
| 942 |
_2ddc _cBK |
||
| 999 |
_c543850 _d543850 |
||